| Tag |
First Indicator |
Second Indicator |
Subfields |
| LEADER |
00000cam a2200000Ka 4500 |
| 001 |
in00002010578 |
| 005 |
20151031144925.0 |
| 008 |
870113s1980 ru 000 0 eng d |
| 035 |
|
|
|a (OCoLC)ocm15062239
|
| 040 |
|
|
|a GZM
|c GZM
|d TXA
|d UtOrBLW
|
| 041 |
1 |
|
|a eng
|h rus
|
| 049 |
|
|
|a TXAM
|
| 090 |
|
|
|a PG3347.S5
|b T4 1980
|
| 100 |
1 |
|
|a Pushkin, Aleksandr Sergeevich,
|d 1799-1837.
|
| 240 |
1 |
0 |
|a Skazki.
|l English
|
| 245 |
1 |
0 |
|a Tales /
|c Alexander Pushkin ; illustrated by Oleg Zotov ; [translated by Peter Tempest, Louis Zellikov, and Arril Pyman].
|
| 264 |
|
1 |
|a Moscow :
|b Malysh Publishers,
|c [1980]
|
| 264 |
|
4 |
|c ©1980
|
| 300 |
|
|
|a 143 pages :
|b color illustrations ;
|c 29 cm.
|
| 336 |
|
|
|a text
|b txt
|2 rdacontent
|
| 337 |
|
|
|a unmediated
|b n
|2 rdamedia
|
| 338 |
|
|
|a volume
|b nc
|2 rdacarrier
|
| 500 |
|
|
|a Translation of: Skazki.
|
| 505 |
0 |
|
|a The tale of the golden cockerel / translated by Peter Tempest -- The tale of the priest and his workman / translated by Peter Tempest -- The tale of the Tsar Saltan / translated by Louis Zellikof -- The tale of the fisherman and the golden fish / translated by Avril Pyman.
|
| 700 |
1 |
|
|a Zotov, Oleg.
|
| 700 |
1 |
|
|a Tempest, Peter.
|
| 948 |
|
|
|a cataloged
|b h
|c 2004/12/2
|d c
|e spoltoratski
|f 2:13:58 pm
|
| 994 |
|
|
|a E0
|b TXA
|
| 999 |
|
|
|a MARS
|
| 999 |
f |
f |
|s d9e011e8-3391-377a-b728-7a0b2ec58202
|i d0a4eefe-e84c-3b99-b6ca-00390b7a9bc0
|t 0
|
| 952 |
f |
f |
|p normal
|a Texas A&M University
|b College Station
|c Sterling C. Evans Library
|d Evans: Library Stacks
|t 0
|e PG3347.S5 T4 1980
|h Library of Congress classification
|i unmediated -- volume
|m A14831594819
|
| 998 |
f |
f |
|a PG3347.S5 T4 1980
|t 0
|l Evans: Library Stacks
|